Pokémon - Les attaques de Mew - Statistiques

Statistiques générales
  • Ce quiz a été pris 38 fois
  • Le résultat moyen est 5 sur 13
Statistiques - réponses
Niveaux Types Noms des attaques % Correct
Niveau 30 Psy Psyko
96%
Départ Normal Morphing
72%
Niveau 100 Combat Aurasphère
52%
Niveau 50 Roche Pouvoir Antique
48%
Départ Normal Écras'Face
36%
Niveau 90 Ténèbres Machination
36%
Niveau 60 Psy Amnésie
28%
Niveau 40 Psy Bouclier
20%
Niveau 20 Normal Métronome
20%
Niveau 10 Normal Ultimapoing
20%
Départ Normal Copie Type
12%
Niveau 70 Normal Moi d'Abord
12%
Niveau 80 Normal Relais
12%
Aucun quiz correspondant
Distribution des résultats
% des personnes avec chaque résultat
Percentile par nombre de réponses
Votre historique - résultats
Vous n’avez pas pris ce quiz